The Ghana young pioneer movement. / (Record no. 2469)
[ view plain ]
| 000 -LEADER | |
|---|---|
| fixed length control field | 00279nam a22001097a 4500 |
| 008 - FIXED-LENGTH DATA ELEMENTS--GENERAL INFORMATION | |
| fixed length control field | 121031t xxu||||| |||| 00| 0 eng d |
| 020 ## - INTERNATIONAL STANDARD BOOK NUMBER | |
| International Standard Book Number | 9988796706 |
| 050 ## - LIBRARY OF CONGRESS CALL NUMBER | |
| Classification number | HQ799.G55T47 |
| 100 ## - MAIN ENTRY--PERSONAL NAME | |
| Personal name | Tetteh, M.N. |
| 245 ## - TITLE STATEMENT | |
| Title | The Ghana young pioneer movement. / |
| Statement of responsibility, etc. | M N Tetteh |
| 942 ## - ADDED ENTRY ELEMENTS (KOHA) | |
| Source of classification or shelving scheme | Library of Congress Classification |
| Koha item type | Books |
| Withdrawn status | Lost status | Source of classification or shelving scheme | Damaged status | Not for loan | Home library | Current library | Shelving location | Date acquired | Total Checkouts | Full call number | Barcode | Date last seen | Copy number | Price effective from | Koha item type |
|---|---|---|---|---|---|---|---|---|---|---|---|---|---|---|---|
| Library of Congress Classification | WISCONSIN INTERNATIONAL UNIVERSITY COLLEGE, GHANA - MAIN LIBRARY | WISCONSIN INTERNATIONAL UNIVERSITY COLLEGE, GHANA - MAIN LIBRARY | General Stacks | 31/10/2012 | HQ799.G55T47 | 6218/12 | 31/10/2012 | 1 | 31/10/2012 | Books | |||||
| Library of Congress Classification | WISCONSIN INTERNATIONAL UNIVERSITY COLLEGE, GHANA - MAIN LIBRARY | WISCONSIN INTERNATIONAL UNIVERSITY COLLEGE, GHANA - MAIN LIBRARY | General Stacks | 31/10/2012 | HQ799.G55T471 | 6219/12 | 31/10/2012 | 2 | 31/10/2012 | Books |
